El Tayyip (Record no. 10140)

MARC details
000 -BAŞLIK
Sabit Uzunlukta Kontrol Alanı 00912na a2200301 4500
001 - KONTROL NUMARASI
Denetim Alanı 22294
003 - KONTROL NUMARASI IDENTIFIER
Denetim Alanı MIRAKIL
005 - SON İŞLEM TARİHİ VE ZAMANI
Denetim Alanı 20181213155308.0
008 - SABİT-BOY VERİ ELEMANLARI - GENEL BİLGİLER
Sabit Uzunlukta Kontrol Alanı 170213b tu 000 0
020 ## - ULUSLARARASI STANDART KİTAP NUMARASI
Uluslararası Standart Kitap Numarası 9756774724
035 ## - SİSTEM KONTROL NUMARASI
Sistem Kontrol Numarası 22294
040 ## - KATALOGLAMA KAYNAK
Orijinal Kataloglama Ajansı Milas
Kataloglama Dili tur
Metne Dönüştürmek Ajansı TR-AnCHP
041 ## - DİL KODU
Metin / Ses Parça Veya Ayrı Başlığın Dil Kodu tur
082 ## - DEWEY ONLU SINIFLANDIRMA NUMARASI
Sınıflandırma Numarası 923.2 Erdoğan, R.T.
Ürün Numarası B74e 2003
090 ## - SINIFLAMA NUMARASI
Sınıflama Numarası 923.2 Erdoğan,R.T. B74e 2003
100 ## - ANA GİRİŞ - KİŞİSEL İSİM
Kişisel Ad Bölük, Mehmet
245 ## - BAŞLIK TABLOSU
Başlık El Tayyip
Sorumluluk Tablosu, Vb Mehmet Bölük
250 ## - EDITION TABLOSU
Baskı Beyanı gnşl. 3. bs.
260 ## - YAYIN, DAĞITIM, VB
Yayın, Dağıtım, Vb Yeri İstanbul
Yayıncı, Dağıtıcı, Vs Adı Toplumsal Dönüşüm Yayınları
Yayın, Dağıtım, Vb Tarihi 2003
300 ## - FİZİKSEL TANIM
Kapsam 205 s.
Diğer Fiziksel Ayrıntıları res.
Boyutlar 20 sm.
490 ## - SERİSİ TABLOSU
Seri Beyanı Toplumsal Dönüşüm Yayınları
Hacim / Ardışık Tanımı 186
490 ## - SERİSİ TABLOSU
Seri Beyanı Araştırma-İnceleme Dizisi
Hacim / Ardışık Tanımı 50
600 ## - KONU KATMA GİRİŞ - KURUMSAL ADI
Kişisel Ad Erdoğan, Recep Tayyip
Bir Adıyla İlişkilendirilen Tarihler 1954-
650 ## - KONU KATMA GİRİŞ - TOPİKAL DÖNEM
Topikal Süreli Veya Coğrafi Ad Giriş Elemanı Siyasetçiler
Genel Alt Bölümü Yaşamöyküsü
Coğrafi Alt Bölümü Türkiye
650 ## - KONU KATMA GİRİŞ - TOPİKAL DÖNEM
Topikal Süreli Veya Coğrafi Ad Giriş Elemanı İslam ve devlet
Coğrafi Alt Bölümü Türkiye
651 ## - KONU KATMA GİRİŞ - COĞRAFİ ADI
Coğrafi İsim Türkiye
Genel Alt Bölümü Siyaset ve yönetim
Kronolojik Alt Bölümü 1980-
942 ## - EKLENDİ GİRİŞ ELEMANLARI (KOHA)
Sınıflandırma Veya Raf Düzeni Kaynak Dewey Decimal Classification
Koha Öğesi Türü Books
999 ## - SİSTEM KONTROL NUMARALARI (KOHA)
Koha Biblionumber 10140
Koha Biblioitemnumber 10140
Holdings
Kalıcı Konum Mevcut Konum Edinme Tarihi Edinim Kaynak Toplam Check-Out'Lar Tam Çağrı Numarası Barkod Tarih Son Görülme Tarihi Geçen Teslim İtibaren Geçerli Fiyatlar Koha Öğesi Türü Sigara Kamu Notu
CHP Kütüphanesi CHP Kütüphanesi 02/13/2017 Bağış 1 923.2 Erdoğan,R.T. B74e 2003 012997 10/12/2020 09/29/2020 02/13/2017 Books  
CHP Kütüphanesi CHP Kütüphanesi 02/17/2019 Bağış   923.2 Erdoğan,R.T. B74e 2003 018858 02/17/2019   02/17/2019 Books Kemal Kılıçdaroğlu bağışıdır.